000 00298nam a2200121Ia 4500
005 20260326235441.0
008 260326s9999||||xx |||||||||||||| ||und||
100 _aOrigoni, Franco
245 0 _aOn tour with Renzo Piano /
_cFranco Origoni
260 _bPhaidon
650 _aARQUITECTOS
942 _cBK
999 _c7412
_d7412